Tropical Fish by Picture - Statistics

General Stats
  • This quiz has been taken 25 times
  • The average score is 10 of 16
Answer Stats
Picture Answer % Correct
clownfish
100%
lionfish
100%
pufferfish
95%
seahorse
95%
yellow tang
77%
moray eel
73%
angelfish
68%
blue tang
68%
triggerfish
59%
butterfly fish
50%
pipefish
50%
archerfish
45%
damselfish
41%
cardinalfish
32%
hawkfish
27%
anthias
23%
No matching quizzes found
Score Distribution
Percent of People with Each Score
Percentile by Number Answered
Your Score History
You have not taken this quiz